00929nac a22002291u 4500010001700000020001500017082001900032090001500051100003400066245011000100260004400210300002400254504005100278610004100329650004500370700002400415700002600439856007700465942002100542999001500563952012100578 a 2003018763 a074943578X00a658.812bH9199 c3903d3903 aHumby, Clive. 10aScoring points :bhow Tesco is winning customer loyalty /cClive Humby and Terry Hunt, with Tim Phillips. aSterling, VA :bKogan Page,2004cc2004. ax, 276 p. ;c24 cm. aIncludes bibliographical references and index.20aTesco (Firm)xHistoryy20th century. 0aCustomer loyalty programsvCase studies.1 aHunt, Terry,d1955-1 aPhillips, Tim,d1967-413Table of contentsuhttp://www.loc.gov/catdir/toc/ecip048/2003018763.html cBBk658.812H9199 c3903d3903 00104070aMAINbMAINc1STd2007-08-05ePurchasel2m6o658.812 HUMp000000177r2025-07-15 00:00:00s2017-04-29yBB